000
00361nam a2200133Ia 4500
008
151001s9999||||xx |||||||||||||| ||und||
100
_a
N. K. Sinha
245
_a
Islam is Indian synthesis of culture
250
_a
1
260
_b
Kuda Baksh O.P.Libary
260
_c
1996
300
_a
170
365
_b
21
999
_c
973633
_d
973630